| 000 | 01036cam a2200289 a 4500 | ||
|---|---|---|---|
| 001 | 2530 | ||
| 005 | 20231214100356.0 | ||
| 020 |
_a9780803732247 (hardcover) : _c$16.99 |
||
| 020 |
_a0803732244 (hardcover) : _c$16.99 |
||
| 020 | _a9780545240840 | ||
| 040 |
_aDLC _cDLC _dBTCTA _dBAKER _dYDXCP _dTEF _dIG# _dEHH _dCQU _dDLC _beng |
||
| 050 | 0 | 0 |
_aPZ7.G77224 _bBr 2009 |
| 082 | _a813.6 | ||
| 100 | 1 |
_aGratz, Alan _d1972- |
|
| 245 | 1 | 4 |
_aThe Brooklyn nine : _ba novel in nine innings / _cby Alan Gratz |
| 250 | _aFirst Scholastic printing, January 2010 | ||
| 260 |
_aNew York : _bScholastic, _c2009 |
||
| 300 |
_a299 pages : _c22 cm. |
||
| 505 | _aR | ||
| 520 | _aFollows the fortunes of a German immigrant family through nine generations, beginning in 1845, as they experience American life and play baseball. | ||
| 521 |
_a840 _bLexile |
||
| 521 |
_aR _bRaz-Plus |
||
| 650 | 0 |
_aBaseball _xHistory _vJuvenile fiction. |
|
| 650 | 1 |
_aBaseball _xHistory _vFiction. |
|
| 906 |
_a7 _bcbc _corignew _d1 _eecip _f20 _gy-gencatlg |
||
| 942 |
_2ddc _cBK _n0 |
||
| 999 |
_c2530 _d2530 |
||